| Поле | Инд. | ПП | Название | Значение |
|---|---|---|---|---|
| Тип записи | a | |||
| Библиографический уровень | m | |||
| 001 | Контрольный номер | 6f538a0b-2044-42dc-b34f-54bd3082d40d | ||
| 005 | Дата корректировки | 20140703142242.5 | ||
| 008 | Кодируемые данные | 020531 | ||
| 020 | c | Цена, тираж | б/ц | |
| 040 | a | Служба первич. каталог. | НБ ТвГУ | |
| 041 | a | Код языка текста | rus | |
| a | Код языка текста | ger | ||
| 080 | a | Индекс УДК | 811.112.2'367(043.3) | |
| 084 | a | Индекс другой классификации/Индекс ББК | Ш143.24-22я031 | |
| 090 | x | Авторский знак | М80 | |
| a | Полочн. индекс | Ш143.24 | ||
| 100 | 1_ | a | Автор | Морозова Татьяна Алексеевна |
| 245 | 10 | a | Заглавие | Семантико-синтаксические функции предложно- именных групп в составе трехчленной пассивной конструкции современного немецкого языка |
| b | Продолж. заглавия | автореф. дис. ... канд. филол. наук : 10.02.04 | ||
| c | Ответственность | М-во высш. и сред. спец. образования РСФСР, Калинин. гос. ун-т | ||
| 260 | 0_ | a | Место издания | Калинин |
| b | Издательство | КГУ | ||
| c | Дата издания | 1979 | ||
| 300 | a | Объем | 14, [1] с. | |
| 500 | a | Примечание | На правах рукоп. | |
| 504 | a | Библиография | Библиогр.: с. 14-15. | |
| 583 | a | Действие | Получение впервые 39 09.02.2006 | |
| 650 | a | Основная рубрика | Немецкий язык | |
| x | Основная подрубрика | Синтаксис | ||
| x | Основная подрубрика | Семантика | ||
| 653 | a | Ключевые слова | Немецкий язык | |
| a | Ключевые слова | Синтаксис немецкого языка | ||
| a | Ключевые слова | Семантика немецкого языка | ||
| a | Ключевые слова | Предложно-именные группы | ||
| a | Ключевые слова | Авторефераты | ||
| 852 | t | Порядковый номер экземпляра | 1 | |
| p | Инвентарный номер | б/н | ||
| 888 | a | Бесплатные | ||
| 930 | a | Новая/Ретро | авторефераты | |
| 952 | p | 39.2006 б/ц 1 б/н | ||
| c | Вид литературы | А/Р н | ||
| 954 | a | Дата поступления на обработку | 20060210 | |
| 999 | a | Подразделение 2 | ч.з. |